Jandavlattepa The Excavation Report for Seasons 2002-2006 VOL.1

Saved in:
Bibliographic Details
Main Author Stančo, Ladislav, (ed.)
Format Electronic eBook
LanguageCzech
Published Karolinum 2011
Edition1. elektronické vydání
Subjects
Online AccessDostupné v BOOKPORT po přihlášení pomocí eduID
ISBN978-80-246-2468-6
978-80-246-3045-8
978-80-246-1965-1
Physical Description1 online zdroj (198 stran)

Cover

LEADER 00000nam a2200000 i 4500
001 bkp476081625
003 CZ-prgp
005 20191001132527.0
006 m o d
007 cr cn
008 191001s2011 xr o 000 0 cze
020 |a 978-80-246-2468-6  |c 170 Kč  |q (online ; pdf) 
020 |a 978-80-246-3045-8  |c 170 Kč  |q (online ; epub) 
020 |a 978-80-246-1965-1  |c 275 Kč  |q (print) 
040 |a Grada  |b cze  |e rda 
100 1 |a Stančo, Ladislav, (ed.) 
245 1 0 |a Jandavlattepa  |b The Excavation Report for Seasons 2002-2006 VOL.1  |c (ed.) Stančo Ladislav 
250 |a 1. elektronické vydání 
264 1 |b Karolinum  |c 2011 
300 |a 1 online zdroj (198 stran) 
336 |a text  |b txt  |2 rdacontent 
337 |a počítač  |b c  |2 rdamedia 
338 |a online zdroj  |b cr  |2 rdacarrier 
520 3 |a Tato kniha představuje výsledky práce česko-uzbecké archeologické expedice na lokalitě Džandavláttepa jižním Uzbekistánu. Tato spolupráce vznikla jako společný projekt Archeologického ústavu Akademie věd Uzbekistánu v Samarkandu a Ústavu pro klasickou archeologii FF Univerzity Karlovy v Praze v roce 2001. Od roku 2002 do roku 2006 proběhlo pět výkopových sezón pod vedením Kazima Abdullaeva a Ladislava Stanča, vždy v trvání od čtyř do šestí týdnů, při nichž byl shromážděn rozsáhlý archeologický materiál a data. Tento svazek je první částí řady, která by měla tyto výsledky předložit veřejnosti. Knihy je rozdělena na tři základní části. První z nich obsahuje všeobecný popis regionu a samotné lokality, dějiny výzkumů a rovněž geografické a topografické poznámky. Druhou - stěžejní - část tvoří popis a interpretace výzkumů v jednotlivých sektorech, zvláštní pozornost je věnována zejména sektoru 20, tzv. citadele. Třetí část sestává ze studií, zabývajících se jednotlivými skupinami nalezených artefaktů, tedy mincí, předmětů pro textilní výrobu, zbraní a nástrojů, šperků a ozdob a terakotových figurek a aplik. Na konci svazku je umístěn seznam všech drobných nálezů s odkazy na tabulky, fotografie i místa v textu, která se jimi zabývají. 
650 0 4 |a Sociologie 
856 4 0 |u https://www.bookport.cz/AccountSaml/SignIn/?idp=https://shibboleth.utb.cz/idp/shibboleth&returnUrl=/kniha/jandavlattepa-5392/  |y Dostupné v BOOKPORT po přihlášení pomocí eduID